书目信息 |
| 题名: |
ASP.NET MVC高效构建Web应用
|
|
| 作者: | 朱文伟, , 李建英, 著 | |
| 分册: | ||
| 出版信息: | 北京 清华大学出版社 2025.05 |
|
| 页数: | XIV, 507页 | |
| 开本: | 26cm | |
| 丛书名: | 编程与应用开发丛书 | |
| 单 册: | ||
| 中图分类: | TP393.092.2 , TP393.092 | |
| 科图分类: | ||
| 主题词: | 网页制作工具--wang ye zhi zuo gong ju--程序设计 | |
| 电子资源: | ||
| ISBN: | 978-7-302-68645-3 | |
| 000 | 01512nam 2200313 450 | |
| 001 | 96013 | |
| 005 | 20250911142254.37 | |
| 010 | @a978-7-302-68645-3@dCNY139.00 | |
| 100 | @a20250606d2025 em y0chiy50 ea | |
| 101 | 0 | @achi |
| 102 | @aCN@b110000 | |
| 105 | @aa z 000yy | |
| 106 | @ar | |
| 200 | 1 | @aASP.NET MVC高效构建Web应用@AASP.NET MVC gao xiao gou jian Web ying yong@f朱文伟, 李建英著 |
| 210 | @a北京@c清华大学出版社@d2025.05 | |
| 215 | @aXIV, 507页@c图@d26cm | |
| 225 | 2 | @a编程与应用开发丛书@Abian cheng yu ying yong kai fa cong shu |
| 312 | @a英文题名取自封面 | |
| 314 | @a朱文伟, 男, 1953年生, 无锡江南计算研究所软件工程师。江南大学计算机应用专业硕士。无锡江南计算研究所担任软件工程师, 开发信息安全类产品。李建英, 女, 1953年生, 无锡江南计算研究所软件工程师。 | |
| 330 | @a本书共分15章, 内容包括ASP.NET与框架概述、搭建Web开发环境、MVC平台下学HTML、ASP.NET MVC编程基础、Razor语法基础、HTML辅助器、LINQ的基本使用、数据库快速开发工具EntityFramework、Linux下开发MVCWeb程序、服务端数据注解和验证、模型模板、前端验证、安全与身份验证、音乐唱片管理系统开发实战、一百书店系统开发实战。 | |
| 410 | 0 | @12001 @a编程与应用开发丛书 |
| 510 | 1 | @aEfficiently building Web applications with ASP.NET MVC@zeng |
| 606 | 0 | @a网页制作工具@Awang ye zhi zuo gong ju@x程序设计 |
| 690 | @aTP393.092.2@v5 | |
| 690 | @aTP393.092@v4 | |
| 701 | 0 | @a朱文伟,@Azhu wen wei@f1953-@4著 |
| 701 | 0 | @a李建英,@Ali jian ying@f1953-@4著 |
| 801 | 0 | @aCN@c20250909 |
| 905 | @a河南城建学院图书馆@dTP393.092@eZ880@f1 | |
| ASP.NET MVC高效构建Web应用/朱文伟, 李建英著.-北京:清华大学出版社,2025.05 |
| XIV, 507页:图;26cm.-(编程与应用开发丛书) |
| ISBN 978-7-302-68645-3:CNY139.00 |
| 本书共分15章, 内容包括ASP.NET与框架概述、搭建Web开发环境、MVC平台下学HTML、ASP.NET MVC编程基础、Razor语法基础、HTML辅助器、LINQ的基本使用、数据库快速开发工具EntityFramework、Linux下开发MVCWeb程序、服务端数据注解和验证、模型模板、前端验证、安全与身份验证、音乐唱片管理系统开发实战、一百书店系统开发实战。 |
| ● |
| 相关链接 |
|
|
|
正题名:ASP.NET MVC高效构建Web应用
索取号:TP393.092/Z880
 
预约/预借
| 序号 | 登录号 | 条形码 | 馆藏地/架位号 | 状态 | 备注 |
| 1 | 1630151 | 216301516 | 自科库301/301自科库 130排2列4层/ [索取号:TP393.092/Z880] | 在馆 |